Suriname-Quiz - Statistiken

Allgemein
  • Dieses Quiz wurde 1.159 mal gespielt
  • Das Durchschnittsergebnis liegt bei 9 aus 15
Antwortstatistiken
Frage Antwort % Korrekt
Nachbarland Brasilien
98%
Nachbarland Guyana
97%
90% der Landfläche Surinams ist von diesem Ökosystem bedeckt, den höchsten Anteil weltweit Wald
91%
Nachbarland Frankreich
90%
Amtssprache Niederländisch
83%
Surinam und Bhutan sind weltweit die einzigen Ländern, die davon mehr absorbieren als erzeugen Kohlenstoffdioxid
79%
Hauptstadt von Suriname Paramaribo
74%
Währung von Surinam Dollar
60%
1667 wurde Surinam der Niederlande gegeben. Was bekam dafür England im Gegenzug? (heute eine Großstadt) New York
50%
Hauptexportgut von Surinam während der Kolonialzeit Zucker
41%
27% der Bürger von Surinam sind Nachfahren von Zwangsarbeitern, die aus diesem Land kamen Indien
37%
Fluss, an dessen Ufer sich Hauptstadt befindet Suriname
33%
Diese niederländischen Fußballern, die in den 1990er Jahren in der Serie A spielten, sind beide in der Hauptstadt Surinames geboren Clarence Seedorf
27%
Diese niederländischen Fußballern, die in den 1990er Jahren in der Serie A spielten, sind beide in der Hauptstadt Surinames geboren Edgar Davids
24%
Begriff für die Nachfahren von geflohenen Sklaven aus Afrika (Anfangsbuchstabe M) Maroons
14%
Keine übereinstimmenden Quizze gefunden
Verteilung der Resultate
Anzahl Personen mit jedem Resultat
Perzentil nach korrekt beantworteten Fragen
Ihre Resultats-Entwicklung
Sie haben dieses Quiz noch nicht gespielt